Statistics for Ecuador 2022 FIFA World Cup Squad

Click here to take the quiz!

General Stats

  • This quiz has been taken 566 times
    (517 since last reset)
  • The average score is 9 of 27

Answer Stats

#PositionPlayer% Correct
13FW ©Enner Valencia
95%
23MFMoisés Caicedo
71%
7DFPervis Estupiñán
67%
3DFPiero Hincapié
52%
19MFGonzalo Plata
43%
16MFJeremy Sarmiento
43%
1GKHernán Galíndez
35%
17DFÁngelo Preciado
34%
22GKAlexander Domínguez
33%
9FWAyrton Preciado
33%
2DFFélix Torres
32%
26MFKevin Rodríguez
30%
10FWRomario Ibarra
28%
11FWMichael Estrada
27%
15MFÁngel Mena
25%
8MFCarlos Gruezo
25%
12GKMoisés Ramírez
25%
20MFSebas Méndez
25%
ManagerGustavo Alfaro
22%
5MFJosé Cifuentes
22%
6DFWilliam Pacho
22%
18DFDiego Palacios
21%
4DFRobert Arboleda
21%
21MFAlan Franco
20%
25DFJackson Porozo
20%
24FWDjorkaeff Reasco
19%
14DFXavier Arreaga
19%

Score Distribution

Percentile by Number Answered

Percent of People with Each Score

Your Score History

You have not taken this quiz since the last reset